La France de la Belle Époque : 1896-1914 (notice n° 2197594)

détails MARC
000 -LEADER
fixed length control field 00777cam a2200133 4500500
005 - DATE AND TIME OF LATEST TRANSACTION
control field 20260405085434.0
041 ## - LANGUAGE CODE
Language code of text/sound track or separate title fre
042 ## - AUTHENTICATION CODE
Authentication code dc
100 10 - MAIN ENTRY--PERSONAL NAME
Personal name Lejeune, Dominique
Relator term author
245 00 - TITLE STATEMENT
Title La France de la Belle Époque : 1896-1914
260 ## - PUBLICATION, DISTRIBUTION, ETC.
Name of publisher, distributor, etc. Armand Colin,<br/>
Date of publication, distribution, etc. 2011.<br/>
520 ## - SUMMARY, ETC.
Summary, etc. Ce livre offre un panorama complet de la France de la Belle Époque, sur les plans politique, social et culturel, de l'affaire Dreyfus à la guerre de 1914 en passant par le Bloc des gauches, la loi de Séparation de 1905 et les reclassements. A la faveur de cette 6e édition, cet ouvrage, devenu un classique depuis sa parution en 1994, est totalement refondu.
856 41 - ELECTRONIC LOCATION AND ACCESS
Uniform Resource Identifier <a href="https://shs.cairn.info/la-france-de-la-belle-epoque--9782200248925?lang=fr&redirect-ssocas=7080">https://shs.cairn.info/la-france-de-la-belle-epoque--9782200248925?lang=fr&redirect-ssocas=7080</a>

Pas d'exemplaire disponible.

PLUDOC

PLUDOC est la plateforme unique et centralisée de gestion des bibliothèques physiques et numériques de Guinée administré par le CEDUST. Elle est la plus grande base de données de ressources documentaires pour les Étudiants, Enseignants chercheurs et Chercheurs de Guinée.

Adresse

627 919 101/664 919 101

25 boulevard du commerce
Kaloum, Conakry, Guinée

Réseaux sociaux

Powered by Netsen Group @ 2025